MARC

LEADER 00000nam0a2200000 4500
001 272719
005 20231101234549.0
035 |a (RuTPU)RU\TPU\book\295928 
090 |a 272719 
100 |a 20141021d1987 m y0rusy50 ca 
101 0 |a rus 
102 |a RU 
105 |a y j 001zy 
200 1 |a Статистика промышленности  |e учебник для вузов  |f под ред. В. Е. Адамова 
210 |a Москва  |c Финансы и статистика  |d 1987 
215 |a 456 с. 
320 |a Библиогр.: с. 455 
606 1 |a Промышленная статистика  |2 stltpush  |3 (RuTPU)RU\TPU\subj\36772  |9 58031 
610 1 |a учебники 
610 1 |a структура 
610 1 |a изучение 
610 1 |a продукция 
610 1 |a трудовые ресурсы 
610 1 |a оплата труда 
610 1 |a оборотные средства 
610 1 |a финансовые результаты 
610 1 |a научно-технический прогресс 
686 |a У051.9(2)30я73  |2 rubbk 
702 1 |a Адамов  |b В. Е.  |g Владимир Евгеньевич  |4 340 
801 1 |a RU  |b 63413507  |c 20141021 
801 2 |a RU  |b 63413507  |c 20190408  |g RCR 
942 |c BK